000 00474nam a2200145Ia 4500
008 231129s2012||||xx |||||||||||||| ||spa||
020 _a978-958-761-110-6
040 _bspa
082 _a664 H565t
100 _aHerrera Arévalo Aní­bal Orlando
245 0 _aTecnologí­as de producción y transformación de papa criolla
260 _c2012
264 _aUniversidad Nacional de Colombia. Facultad de Agronomí­a
942 _2ddc
_cBKS
999 _c25123
_d25123